It looks like you're offline.
Open Library logo
additional options menu

MARC Record from Library of Congress

Record ID marc_loc_2016/BooksAll.2016.part18.utf8:15040673:678
Source Library of Congress
Download Link /show-records/marc_loc_2016/BooksAll.2016.part18.utf8:15040673:678?format=raw

LEADER: 00678cam a2200229 a 4500
001 87029922
003 DLC
005 19921228122339.5
008 871001s1987 nyu 00011 eng
010 $a 87029922 //r922
020 $a0312014201 :$c$15.95
040 $aDLC$cDLC$dDLC$dOCoLC
050 00 $aPR6069.T387$bD5 1987
082 00 $a823/.914$219
100 10 $aSteed, Neville.
245 10 $aDie-cast /$cNeville Steed.
250 $a1st U.S. ed.
260 0 $aNew York :$bSt. Martin's Press,$cc1987.
300 $a214 p. ;$c22 cm.
500 $a"A Peter Marklin mystery."
650 0 $aMarklin, Peter (Fictitious character)$xFiction.
655 7 $aDetective and mystery stories.$2gsafd